000 00555nam a22002297a 4500
003 UA-OsUOA
001 48095
007 ta
008 20070829b un ||||| |||| 00| 0 ukr d
100 _aФокс Р.
090 _a821.161.1
_bФ75
942 _cBK
040 _aUA-OsUOA
_brus
_cUA-OsUOA
_dUA-OsUOA
245 _aРоман и народ
300 _a245 с.
955 _a2
041 _arus
080 _a821.161.1
260 _aМ.
_c1960
650 7 _a82 Література. Літературознавство
_2UDC
999 _c334188
_d334188